00370nam a22001337a 450000500170000000800410001704100120005808200120007010000130008224500410009526000470013630000290018365000240021220240808101006.0240808b |||||||| |||| 00| 0 eng d aEnglish a349 SOU lEnglish  aSouth Africa Law Reports: Transvaal  aCape Town: bJuta and Company Ltd, c1941  bxi, 236 pages; c25 cm.  aLegal practicebLaw